000 00519nam a2200181Ia 4500
005 20250508161851.0
008 008 250505s9999 xx 000 0 eng d
037 _aTextual
040 _aFEDL
_beng
_cFEDL
041 _aeng
_2eng
084 _a371, HIG
_qFEDL
100 _aHighet Gilbert
245 0 _aImmortal profession : The joys of teaching and learning
260 _aNew York, USA
_bWeybright and Talley
_c1976
300 _aviii,223p.
942 _cTEXL
_h371, HIG
999 _c1372821
_d1372821